| 000 | 01123nam a22002537a 4500 | ||
|---|---|---|---|
| 005 | 20240530110524.0 | ||
| 008 | 160224s2007 ua ao g 000 0dara d | ||
| 017 |
_a2007/16962 _bمصر . دار الكتب المصرية |
||
| 020 | _a9774374312 | ||
| 040 | _aEG-CaGPL | ||
| 082 | 0 | 4 |
_221 _a915.3121\ _bهـ م |
| 100 | 1 | _aهيرجرونجى ، سى . سنوك | |
| 245 | 1 | 0 |
_aمكة فى اواخر القرن التاسع عشر / _cتاليف سى . سنوك هيرجرونجى ؛ ترجمة صبرى محمد حسن ؛ مراجعة و تقديم جمال زكريا قاسم |
| 250 | _aط1 | ||
| 260 |
_aالقاهرة : _bالمركز القومى للترجمة ، _c2007 . |
||
| 300 |
_a493 ص : _bصور ؛ _c24 سم . |
||
| 490 |
_aالمشروع القومى للترجمة ؛ _v1157 |
||
| 650 | 0 | 4 | _aالاماكن المقدسة |
| 650 | 0 | 4 |
_aمكة المكرمة _xتاريخ _yالقرن التاسع عشر |
| 700 | 0 |
_aصبرى محمد حسن _eمترجم |
|
| 700 | 0 |
_aجمال زكريا قاسم _eمراجع و مقدم |
|
| 942 |
_2ddc _cBK |
||
| 999 |
_c61952 _d61952 |
||